000
00255nam a22001097a 4500
082
_a
621.38154 KEM'H
100
_a
KEMP, BARRON
_9
57495
245
_a
HALL EFFECT INSTRUMENTATION
260
_a
NEWYORK
_b
HOWARD W. SAMS
_c
1963
300
_a
128P
942
_c
BK
999
_c
567773
_d
567773